[Event "39th BPCL ch-IND"]
[Site "Nagpur IND"]
[Date "2002.01.19"]
[Round "4"]
[White "Koshy,V"]
[Black "Barua,D"]
[Result "0-1"]
[WhiteElo "2347"]
[BlackElo "2515"]

1.c4 e5 2.g3 Nf6 3.Bg2 d5 4.cxd5 Nxd5 5.Nf3 Nc6 6.O-O Nb6 7.d3 Be7 8.a3 O-O
9.b4 Bf6 10.Ra2 a5 11.b5 Nd4 12.a4 Be6 13.Rb2 Nxf3+ 14.Bxf3 e4 15.Bxe4 Bxb2
16.Bxb2 Bd5 17.Nc3 Bxe4 18.Nxe4 f6 19.Qc2 Rf7 20.Nc5 Qc8 21.Rc1 c6 22.Qb3 Nd5
23.Ne4 Qe6 24.e3 cxb5 25.Rc5 Nc7 26.Qxe6 Nxe6 27.Rxb5 Rc7 28.Bc3 b6 29.d4 Ng5
30.Nxg5 Rxc3 31.Ne6 Rc4 32.Rxb6 Rxa4 33.Rb7 Rb4 34.Rxg7+ Kh8 35.Rd7 a4 36.Nc7 Rb7
37.Nxa8 Rxd7 38.Nb6 Ra7 39.Nxa4 Rxa4 40.g4 Kg7 41.Kg2 Ra2 42.Kg3 Rd2 43.h4 Kf7
44.f3 Ke6 45.Kf4 Rd1 46.h5 h6 47.Ke4 f5+ 48.gxf5+ Kf6 49.Kf4 Rh1 50.Kg4 Rh2
51.e4 Rd2 52.e5+ Kf7 53.f4 Rxd4 54.Kg3 Rd1 55.Kf3 Rh1 56.Kg4 Rh2 57.f6 Rh1
58.Kf5 Rxh5+ 59.Kg4 Rh1 60.Kf5 Re1 61.Kg4 Kg6 62.Kg3 Rf1 63.Kg4 h5+ 64.Kg3 h4+  0-1

[Event "XXVII Open"]
[Site "Seville ESP"]
[Date "2002.01.19"]
[Round "9"]
[White "Rodriguez Guerrero,E"]
[Black "Mellado Trivino,J"]
[Result "0-1"]
[WhiteElo "2309"]
[BlackElo "2447"]

1.c4 e5 2.g3 Nf6 3.Bg2 Nc6 4.Nc3 Bc5 5.a3 a5 6.e3 d6 7.Nge2 O-O 8.O-O Re8
9.d3 Ba7 10.Nd5 Nxd5 11.cxd5 Ne7 12.d4 exd4 13.Nxd4 Bd7 14.b4 axb4 15.axb4 Bb6
16.Bb2 Rxa1 17.Bxa1 Qa8 18.Qd3 Qa2 19.e4 Ng6 20.Qc3 Ne5 21.Rc1 f6 22.Rc2 Qb1+
23.Rc1 Qa2 24.Rc2 Qb1+ 25.Rc1 Qd3 26.Rf1 Ra8 27.Nf5 Bxf5 28.exf5 Ra2 29.Qe1 Qxf5
30.Be4 Rxa1 31.Qxa1 Qxe4 32.Qb1 Nf3+ 33.Kh1 Qxd5  0-1

[Event "39th BPCL ch-IND"]
[Site "Nagpur IND"]
[Date "2002.01.23"]
[Round "8"]
[White "Koshy,V"]
[Black "Prasad,D"]
[Result "1/2-1/2"]
[WhiteElo "2347"]
[BlackElo "2465"]

1.c4 e5 2.g3 Nc6 3.Bg2 g6 4.Nc3 Bg7 5.e4 d6 6.Nge2 Nge7 7.d3 Be6 8.Nd5 O-O
9.O-O Qd7 10.Be3 Nd4 11.Nxd4 exd4 12.Bd2 c5 13.Nf4 Rab8 14.b4 b5 15.Nxe6 Qxe6
16.cxb5 Rxb5 17.Qa4 Rfb8 18.bxc5 Rxc5 19.Rab1 Rxb1 20.Rxb1 Nc6 21.Rb7 h5
22.f4 Qg4 23.Kf2 Qe6 24.Kg1 Qg4 25.Kf2  1/2-1/2

[Event "7th HIT Open"]
[Site "Nova Gorica SLO"]
[Date "2002.02.01"]
[Round "2"]
[White "Cvitan,O"]
[Black "Srebrnic,M"]
[Result "1-0"]
[WhiteElo "2550"]
[BlackElo "2196"]

1.c4 e5 2.g3 d6 3.Nc3 f5 4.d4 Nc6 5.dxe5 Nxe5 6.Bg2 Nf6 7.Nf3 Nxf3+ 8.Bxf3 Be7
9.b3 c6 10.O-O O-O 11.Bb2 Be6 12.Qc2 Qc7 13.Rac1 Nd7 14.e3 Ne5 15.Bg2 Rae8
16.h3 Bf6 17.Rfd1 Rd8 18.Ne2 g6 19.Rd2 Bg7 20.Rcd1 Rfe8 21.Qc1 a5 22.Qa1 Bf8
23.c5 Nf7 24.cxd6 Bxd6 25.Nd4 Bc8 26.Qc1 Be5 27.Bc3 Qb6 28.Rd3 Bh8 29.R1d2 Be5
30.Kh2 Qc7 31.Qa3 Bd6 32.Qxa5 Qe7 33.Nc2 Bc7 34.Qb4 Bd6 35.Qa5 Bc7 36.Qa7 b5
37.Rxd8 Rxd8 38.Rxd8+ Nxd8 39.Qd4 Qe6 40.Qh8+  1-0

[Event "13th Asian Cities"]
[Site "Aden YEM"]
[Date "2002.02.08"]
[Round "2"]
[White "Kotsur,P"]
[Black "Torre,E"]
[Result "1/2-1/2"]
[WhiteElo "2578"]
[BlackElo "2536"]

1.c4 e5 2.g3 Nf6 3.Bg2 c6 4.d4 Bb4+ 5.Bd2 Bxd2+ 6.Qxd2 d6 7.Nc3 Qe7 8.e3 O-O
9.Nge2 Bg4 10.f3 Be6 11.b3 exd4 12.Nxd4 d5 13.cxd5 cxd5 14.O-O Nc6 15.Rac1 Rac8
16.Rfe1 Qb4 17.Red1 Rfe8 18.Kf2 Qe7 19.Nce2 Bd7 20.Nf4  1/2-1/2

[Event "Mimoza Open"]
[Site "Herceg Novi YUG"]
[Date "2002.02.08"]
[Round "7"]
[White "Bistric,F"]
[Black "Vajda,Al"]
[Result "0-1"]
[WhiteElo "2486"]
[BlackElo "2364"]

1.c4 e5 2.g3 g6 3.d4 d6 4.dxe5 dxe5 5.Qxd8+ Kxd8 6.Nc3 c6 7.f4 Be6 8.Nf3 Na6
9.Be3 exf4 10.Bxf4 Bh6 11.O-O-O+ Ke7 12.e3 Bxf4 13.exf4 Nf6 14.Ng5 Bg4 15.Re1+ Kf8
16.Bg2 Nc5 17.Kb1 Rd8 18.h3 Bf5+ 19.Ka1 h6 20.Nf3 Nd3 21.Rd1 Kg7 22.Rd2 Nb4
23.b3 Rxd2 24.Nxd2 Rd8 25.Ndb1 h5 26.a3 Nc2+ 27.Kb2 Rd3 28.Ne2 Ne3 29.Nc1 Nd1+
30.Ka1 Rxg3 31.Bxc6 bxc6 32.Rxd1 Rxh3 33.Nd2 h4 34.Rf1 Bg4 35.Kb2 Re3 36.b4 h3
37.Ndb3 h2 38.Nd2 Rh3  0-1

[Event "13th Asian Cities"]
[Site "Aden YEM"]
[Date "2002.02.13"]
[Round "9"]
[White "Ghaem Maghami,E"]
[Black "Singh,G"]
[Result "1/2-1/2"]
[WhiteElo "2513"]
[BlackElo "2284"]

1.c4 e5 2.g3 Nc6 3.Bg2 g6 4.Nc3 Bg7 5.Rb1 a5 6.a3 Nge7 7.e3 d6 8.Nge2 Bf5
9.d3 Qd7 10.h3 O-O 11.b4 axb4 12.axb4 Be6 13.Nd5 Nc8 14.Ndc3 N8e7 15.Qb3 Rfd8
16.Nd5 Nc8 17.Nec3 Nb8 18.Ne4 Bxd5 19.cxd5 Qa4 20.Qxa4 Rxa4 21.Nc3 Ra8 22.Bd2 Ne7
23.Ke2 Na6 24.Rhc1 Rab8 25.Na4 b5 26.Nc3 Rb6 27.Rc2 c6 28.dxc6 Nc7 29.Rbc1 d5
30.e4 Nxc6 31.Nxd5 Nd4+ 32.Kd1 Nxd5 33.Rc8 Rb8 34.Rxb8 Rxb8 35.exd5 Nb3 36.Rc6 Nxd2
37.Kxd2 Bf8 38.d6 Rd8 39.Rb6 Bxd6 40.Rxb5 Kf8 41.Kc3 Rb8 42.Rxb8+ Bxb8 43.Kc4 Ba7
44.f3 Ke7 45.Kd5 Bd4 46.b5 Kd7 47.f4 f6 48.g4 Bb2 49.f5 gxf5 50.gxf5 Bd4
51.Bf3 h6 52.Bd1 Bf2 53.Ke4 Ke7 54.Ba4 Bb6 55.Kd5 Kd7 56.Bd1 Bf2 57.Bc2 Bd4
58.Bb3 h5 59.Ba4 h4 60.b6+ Kc8 61.Ke6 e4 62.dxe4 Kb7 63.Kf7 Kxb6 64.Kg6 Kc7
65.Kh5 Bf2 66.e5 fxe5 67.f6 Kd8 68.Kg6 e4 69.f7 Bc5 70.Kg7 Kc7 71.Bb5 e3  1/2-1/2

[Event "Petrov Mem Open"]
[Site "St Petersburg RUS"]
[Date "2002.02.16"]
[Round "5"]
[White "Chuprov,D"]
[Black "Lukin,A"]
[Result "1-0"]
[WhiteElo "2484"]
[BlackElo "2415"]

1.c4 e5 2.g3 Nc6 3.Bg2 f5 4.Nc3 Nf6 5.e3 g6 6.Nge2 Bg7 7.d4 e4 8.Nf4 O-O
9.h4 d6 10.h5 g5 11.h6 Bh8 12.Nh5 g4 13.Nf4 Ne7 14.c5 d5 15.b4 Ng6 16.Nfe2 c6
17.Qb3 Ne8 18.b5 Bf6 19.Rb1 Rf7 20.bxc6 bxc6 21.Qa4 Rc7 22.Bd2 Qd7 23.Nc1 Bg5
24.Bf1 Nf6 25.Nb3 Kh8 26.Na5 Ne7 27.Rb4 Nfg8 28.Qb3 Bxh6 29.Rb8 Rxb8 30.Qxb8 Kg7
31.Na4 Nf6 32.Nb6 Qd8 33.Nxc8 Qxc8 34.Qxc8 Rxc8 35.Ba6 Rb8 36.Bb7 Bg5 37.Kd1 h5
38.Kc2 Ng6 39.Rb1 h4 40.Nxc6 Rh8 41.gxh4 Bxh4 42.Rf1 a6 43.Ne5 Nf8 44.Bc8 Rh5
45.Bxa6  1-0

[Event "It"]
[Site "Le Mans FRA"]
[Date "2002.02.17"]
[Round "1"]
[White "Wirig,A"]
[Black "Colin,V"]
[Result "1-0"]
[WhiteElo "2304"]
[BlackElo "2336"]

1.c4 e5 2.g3 Nf6 3.Bg2 d5 4.cxd5 Nxd5 5.Nc3 Nb6 6.d3 Be7 7.Nf3 Nc6 8.a4 Bb4
9.O-O O-O 10.a5 Nxa5 11.Nxe5 Be6 12.Rxa5 Bxa5 13.Bxb7 Bxc3 14.bxc3 Qf6 15.Bxa8 Rxa8
16.f4 Bh3 17.Rf2 h5 18.c4 Qe6 19.Bb2 f6 20.Nf3 Rd8 21.Qc2 c5 22.e4 a5 23.f5 Qc6
24.Ne1 Nd7 25.Qe2 Bg4 26.Qf1 h4 27.Rf4 Bd1 28.Ng2 Bc2 29.Ne3 Qa4 30.Rf2 Bb3
31.Nd5 Rb8 32.Qe2 Bd1 33.Qd2 Bh5 34.gxh4 Rxb2 35.Qxb2 Qd1+ 36.Rf1 Qxd3 37.Nf4 Qe3+
38.Qf2 Qxf2+ 39.Rxf2 Bf7 40.Nd5 Ne5 41.Rc2 a4 42.Nb6 a3 43.Ra2 Bxc4 44.Nxc4 Nxc4
45.Kf2 Kh7 46.Ke2 g6 47.fxg6+ Kxg6 48.Kd3 Ne5+ 49.Kc3 Nf3 50.Rxa3 Nxh2 51.Kc4 Kh5
52.Kxc5 Kxh4 53.Kd5 Kg4 54.Ra2 Nf3 55.Rg2+ Kf4 56.Rg6 f5 57.Rf6 Nh4 58.e5 Kg5
59.Rf8 Ng6 60.Rg8 Kh6 61.Rxg6+ Kxg6 62.Kd6 Kf7 63.Kd7  1-0

[Event "ch-Serbia"]
[Site "Leskovac YUG"]
[Date "2002.02.17"]
[Round "3"]
[White "Mozetic,D"]
[Black "Jovic,Sta"]
[Result "1-0"]
[WhiteElo "2471"]
[BlackElo "2330"]

1.c4 e5 2.g3 Nf6 3.Bg2 Nc6 4.Nc3 Bb4 5.Nd5 Nxd5 6.cxd5 Ne7 7.Nf3 Bd6 8.e4 c6
9.d4 Bb4+ 10.Bd2 Bxd2+ 11.Qxd2 cxd5 12.dxe5 dxe4 13.Ng5 e3 14.Qxe3 Qa5+ 15.Qc3 Qxc3+
16.bxc3 Nc6 17.f4 f6 18.exf6 gxf6 19.Ne4 O-O 20.Nd6 b6 21.O-O-O Ba6 22.Rhe1 Rad8
23.g4 Rb8 24.Bd5+ Kh8 25.Bxc6 dxc6 26.Re7 Bc8 27.Nxc8 Rbxc8 28.Rdd7 Rfe8
29.Rxh7+ Kg8 30.Rdg7+ Kf8 31.Rxa7 Kg8 32.Rag7+ Kf8 33.Rb7 Kg8 34.Rhg7+ Kh8
35.Rge7 Red8 36.Rbd7 Ra8 37.Rxd8+ Rxd8 38.Re6 Rd3 39.Rxc6 Kg7 40.Kc2 Rh3
41.Rxb6 Rxh2+ 42.Kb3  1-0

[Event "9th Open Metalis"]
[Site "Bizovac CRO"]
[Date "2002.02.21"]
[Round "1"]
[White "Cvitan,O"]
[Black "Ikica,A"]
[Result "1-0"]
[WhiteElo "2550"]
[BlackElo "2088"]

1.c4 e5 2.g3 Nf6 3.Bg2 Be7 4.Nc3 O-O 5.Nf3 d6 6.O-O c6 7.Qc2 Re8 8.d4 Bf8
9.e4 Nbd7 10.h3 g6 11.Be3 Bg7 12.Rad1 Qe7 13.Rfe1 h6 14.a3 Nh5 15.Re2 Nf8
16.b4 f5 17.exf5 gxf5 18.c5 Qf7 19.cxd6 f4 20.dxe5 fxe3 21.Rxe3 Kh8 22.Qe2 Ng6
23.Ng5 hxg5 24.Qxh5+ Kg8 25.d7 Bxd7 26.Rxd7 Qxd7 27.Qxg6 Qe6 28.Qxg5 Qh6
29.Qxh6 Bxh6 30.f4 Rad8 31.Bf1 Kh8 32.Bd3 a5 33.bxa5 Ra8 34.Kf2 Rxa5 35.Ne4 Rxa3
36.Nd6 Rb8 37.Nf7+ Kg7 38.e6 b5 39.Nxh6 Kxh6 40.f5 Kg5 41.h4+ Kf6 42.g4 Rxd3
43.Rxd3 b4 44.Re3 b3 45.e7 b2 46.e8=Q Rxe8  1-0

[Event "ch-Serbia"]
[Site "Leskovac YUG"]
[Date "2002.02.21"]
[Round "7"]
[White "Mozetic,D"]
[Black "Dimitrijevic,A"]
[Result "0-1"]
[WhiteElo "2471"]
[BlackElo "2227"]

1.c4 e5 2.g3 f5 3.Bg2 d6 4.Nc3 Nf6 5.e3 c6 6.Nge2 Be6 7.d3 Be7 8.f4 O-O 9.b3 Nbd7
10.Bb2 Qc7 11.Qd2 a5 12.O-O Rad8 13.Rac1 Nc5 14.h3 Kh8 15.Kh2 Bf7 16.Qc2 Bg6
17.d4 Ne6 18.dxe5 dxe5 19.fxe5 f4 20.e4 fxg3+ 21.Nxg3 Nd7 22.Nd5 cxd5 23.cxd5 Qxc2
24.Rxf8+ Rxf8 25.Rxc2 Nec5 26.Bd4 b6 27.e6 Nf6 28.Re2 Rd8 29.Be5 Ne8 30.Bf3 Kg8
31.Kg2 Nd3 32.Bd4 Nf4+ 33.Kf1 Nxe2 34.Kxe2 Bc5 35.Bxc5 bxc5 36.e5 Nc7 37.e7 Rxd5
38.Bxd5+ Nxd5 39.Nf5 Kf7 40.Nd6+ Kxe7 41.Nc4 Nc3+ 42.Ke3 Nxa2 43.Nxa5 Ke6
44.Nb7 Kd5  0-1

[Event "Jersey Open"]
[Site "St Helier JCI"]
[Date "2002.02.25"]
[Round "2"]
[White "Westerman,H"]
[Black "Ledger,A"]
[Result "0-1"]
[WhiteElo "2156"]
[BlackElo "2399"]

1.c4 e5 2.g3 Nc6 3.Bg2 g6 4.Nc3 Bg7 5.e3 d6 6.Nge2 Be6 7.Nd5 Qd7 8.Rb1 Nd8
9.d3 c6 10.Ndc3 Bh3 11.Bxh3 Qxh3 12.Ng1 Qd7 13.e4 Ne7 14.Nf3 Ne6 15.Bd2 O-O
16.O-O f5 17.Ng5 Nc5 18.Qe2 h6 19.Nf3 Ne6 20.exf5 Nxf5 21.Rbe1 Nfd4  0-1

[Event "2nd HCC"]
[Site "Helsinki FIN"]
[Date "2002.02.27"]
[Round "3"]
[White "Karttunen,M"]
[Black "Tella,J"]
[Result "1/2-1/2"]
[WhiteElo "2429"]
[BlackElo "2440"]

1.c4 e5 2.g3 d6 3.Bg2 f5 4.Nc3 Nf6 5.d3 Be7 6.e4 c6 7.Nge2 O-O 8.exf5 Bxf5
9.h3 Na6 10.O-O Nb4 11.Ne4 d5 12.cxd5 cxd5 13.Qb3 Nxd3 14.Nxf6+ Bxf6 15.Bxd5+ Kh8
16.Be3 Bg5 17.Rad1 Bxe3 18.fxe3 Nc5 19.Qa3 Qb6 20.Bg2 Be6 21.Rxf8+ Rxf8 22.Nc3 Rc8
23.Kh2 h6 24.Nd5 Qa6 25.Qc3 Qd6 26.Qb4 b6 27.Qa3 a5 28.Nc3 Qf8 29.Rf1 Qd8
30.Rd1 Qf8 31.Nb5 Qf2 32.Nd6 Qe2 33.Nxc8 Bxh3 34.Rg1 Bxg2 35.Rxg2 Qh5+ 36.Kg1 Qd1+
37.Kh2 Qh5+  1/2-1/2

[Event "Open"]
[Site "Malaga ESP"]
[Date "2002.02.27"]
[Round "6"]
[White "Diez Gonzalez,P"]
[Black "Cabrera,A"]
[Result "0-1"]
[WhiteElo "2323"]
[BlackElo "2440"]

1.c4 e5 2.g3 Nf6 3.Bg2 d5 4.cxd5 Nxd5 5.Nf3 Nc6 6.O-O Nb6 7.d3 Be7 8.Nbd2 O-O
9.a3 a5 10.b3 Be6 11.Bb2 f6 12.Qc2 Qd7 13.e3 Rfd8 14.d4 exd4 15.Bxd4 Nxd4
16.Nxd4 Bd5 17.Rfd1 Bf8 18.Be4 g6 19.Bxd5+ Nxd5 20.Ne4 Qe7 21.Rac1 Bh6 22.Nc3 Nxe3
23.Qe2 Qe8 24.Rd3 Ng4 25.Rcd1 Ne5 26.Ne4 Bg7 27.R3d2 Nf7 28.g4 Rd5 29.Qf3 Rad8
30.Re1 Re5 31.Qg2 Ng5 32.f3 c5 33.Ne2 Rxd2 34.Nxd2 Re7 35.f4 Nf7 36.Kf1 Qd7
37.Nc4 Qd3 38.Nxa5 Bh6 39.Nxb7 Re3 40.Nxc5 Rf3+ 41.Kg1 Qe3+ 42.Kh1 Bxf4 43.Rf1 Rxf1+
44.Qxf1 Bg5 45.b4 Qxa3 46.Nd7 Qxb4 47.Qf3 Qd6 48.Qa8+ Kg7 49.Qe8 Ne5 50.Nxe5 Qd5+
51.Kg1 Be3+ 52.Kf1 Qd1+  0-1

[Event "Jersey Open"]
[Site "St Helier JCI"]
[Date "2002.03.01"]
[Round "6"]
[White "Keeling,K"]
[Black "Goldberg,Me"]
[Result "1-0"]
[WhiteElo "2048"]
[BlackElo "2046"]

1.c4 e5 2.g3 Nc6 3.Bg2 f5 4.Nc3 Nf6 5.d3 Bc5 6.e3 d6 7.Nge2 O-O 8.O-O a6
9.a3 Qe8 10.b4 Ba7 11.Nd5 Nxd5 12.cxd5 Ne7 13.d4 e4 14.Nf4 Qf7 15.Qb3 c6
16.Ne6 Bxe6 17.dxe6 Qg6 18.Bb2 d5 19.a4 Qxe6 20.b5 Qd7 21.Ba3 Rae8 22.bxa6 bxa6
23.Rfc1 Rb8 24.Qc2 Rfc8 25.a5 Rb5 26.Bxe7 Qxe7 27.Bf1 Rbb8 28.Bxa6 Rc7 29.Qa2 g5
30.Rc2 Kg7 31.Rac1 Qb4 32.Qa1 f4 33.Rxc6 Rxc6 34.Rxc6 Qb1+ 35.Rc1 Qxa1 36.Rxa1 f3
37.Rc1 Kf6 38.Rc6+  1-0

[Event "2nd HCC"]
[Site "Helsinki FIN"]
[Date "2002.03.03"]
[Round "6"]
[White "Seeman,T"]
[Black "Slapikas,V"]
[Result "1-0"]
[WhiteElo "2441"]
[BlackElo "2410"]

1.g3 e5 2.c4 Nc6 3.Bg2 g6 4.Nc3 Bg7 5.d3 f5 6.Nf3 Nd4 7.Nxd4 exd4 8.Nb5 c6
9.Nd6+ Ke7 10.Nxc8+ Rxc8 11.O-O Kf7 12.c5 b6 13.Qb3+ Ke8 14.e4 fxe4 15.Bf4 bxc5
16.Rae1 c4 17.Qxc4 d5 18.Qa6 Ne7 19.dxe4 Rf8 20.exd5 Rxf4 21.gxf4 cxd5 22.Bxd5 Rc5
23.Bb3 Qc8 24.Rxe7+ Kxe7 25.Re1+  1-0

[Event "2nd HCC"]
[Site "Helsinki FIN"]
[Date "2002.03.04"]
[Round "7"]
[White "Hansen,Vi"]
[Black "Salmensuu,O"]
[Result "0-1"]
[WhiteElo "2151"]
[BlackElo "2428"]

1.c4 e5 2.g3 Nc6 3.Bg2 f5 4.Nc3 Bb4 5.Nd5 a5 6.a3 Bc5 7.b3 Nf6 8.Bb2 Bd4
9.Bc3 Bxc3 10.dxc3 O-O 11.e3 e4 12.h4 Ne5 13.Nf4 a4 14.c5 axb3 15.Qxb3+ Kh8
16.h5 Qe7 17.Ng6+ Nxg6 18.hxg6 h6 19.Nh3 Ng4 20.Qb4 Ra6 21.Nf4 Rc6 22.Rh5 Ne5
23.g4 Nxg4 24.Rd1 Qxc5 25.Qxc5 Rxc5 26.Bxe4 d6 27.Bb1 Rxc3 28.Nd5 Rc5 29.f3 Nf6  0-1

[Event "TCh-FIN 2001-02"]
[Site "FIN"]
[Date "2002.03.17"]
[Round "9"]
[White "Jouhki,Y"]
[Black "Nouro,M"]
[Result "0-1"]
[WhiteElo "2307"]
[BlackElo "2377"]

1.c4 e5 2.g3 g6 3.Bg2 Bg7 4.Nc3 Nf6 5.e3 O-O 6.Nge2 d6 7.O-O c6 8.d4 Re8
9.h3 Nbd7 10.b4 exd4 11.exd4 Nb6 12.b5 cxb5 13.cxb5 Be6 14.Bxb7 Bxh3 15.Re1 Rb8
16.Bc6 Bd7 17.Bf4 Bxc6 18.bxc6 Nfd5 19.Rc1 Rc8 20.Nxd5 Nxd5 21.Qa4 Re4 22.Qxa7 Qe8
23.Qd7 Nxf4 24.Qxe8+ Rcxe8 25.gxf4 Bxd4 26.Kf1 Bf6 27.Ng3 Rxe1+ 28.Rxe1 Rc8
29.Rc1 Bb2 30.Rc2 Ba3 31.Ne4 Bc5 32.a4 f5 33.Nxc5 Rxc6 34.a5 dxc5 35.Ra2 Ra6
36.Ke2 h5 37.Kd3 h4 38.Kc4 h3 39.Kb5 h2 40.f3 Rxa5+  0-1

[Event "SVK-Cup"]
[Site "Trencianske Teplice SVK"]
[Date "2002.03.30"]
[Round "2"]
[White "Pcola,Pa"]
[Black "Csonka,A"]
[Result "1-0"]
[WhiteElo "2373"]
[BlackElo "2272"]

1.c4 e5 2.g3 Nf6 3.Bg2 d5 4.cxd5 Nxd5 5.Nc3 Nb6 6.d3 Be7 7.Nf3 Nc6 8.O-O O-O
9.b3 Re8 10.Bb2 Bf8 11.Rc1 Nd4 12.Ne4 c6 13.Nc5 Bxc5 14.Rxc5 Qd6 15.Rxe5 Nxf3+
16.exf3 Rxe5 17.Bxe5 Qxe5 18.Re1 Qxe1+ 19.Qxe1 Be6 20.f4 g6 21.h4 a5 22.h5 gxh5
23.Qe5 Nd7 24.Qg5+ Kh8 25.f5 f6 26.Qf4  1-0

[Event "FSIMA April"]
[Site "Budapest HUN"]
[Date "2002.04.02"]
[Round "1"]
[White "Bors,T"]
[Black "Bodrogi,M"]
[Result "1-0"]
[WhiteElo "2250"]
[BlackElo "2203"]

1.c4 e5 2.g3 g6 3.Bg2 Bg7 4.Nc3 Ne7 5.e3 O-O 6.d4 d6 7.Nge2 c6 8.d5 c5 9.O-O f5
10.e4 Nd7 11.Rb1 h6 12.f4 a6 13.Bd2 Rb8 14.a4 Qc7 15.Qc2 Kh7 16.b3 Rf7 17.fxe5 Nxe5
18.Nf4 Rf6 19.Rbe1 Bd7 20.Ne6 Bxe6 21.dxe6 Rxe6 22.Nd5 Nxd5 23.exf5 Rf6 24.fxg6+ Nxg6
25.Bxd5 Rbf8 26.Rxf6 Bxf6 27.h4 Kg7 28.h5 Bd4+ 29.Kh1 Ne5 30.Rxe5 Rf1+ 31.Kg2 Rf2+
32.Kh3 dxe5 33.Qg6+  1-0

[Event "FSIMA April"]
[Site "Budapest HUN"]
[Date "2002.04.04"]
[Round "3"]
[White "Bors,T"]
[Black "Hardicsay,P"]
[Result "1/2-1/2"]
[WhiteElo "2250"]
[BlackElo "2312"]

1.c4 e5 2.g3 Nf6 3.Bg2 c6 4.d4 Bb4+ 5.Bd2 Bxd2+ 6.Qxd2 d6 7.Nc3 Qe7 8.e3 O-O
9.Nge2 Re8 10.O-O e4 11.h3 h5 12.b3 Bf5 13.Rae1 Nbd7 14.Kh2 Nf8 15.Ng1 N8h7
16.f3 Ng5 17.fxe4 Ngxe4 18.Nxe4 Nxe4 19.Bxe4 Bxe4 20.h4 d5 21.c5 f6 22.Nh3 g6
23.Qf2 Kg7 24.Qf4 Bf5 25.Nf2 Qe6 26.Re2 Re7 27.Rfe1 Rae8 28.b4 a6 29.a4 Qd7  1/2-1/2

[Event "TCh-ISR"]
[Site "ISR"]
[Date "2002.04.12"]
[Round "8"]
[White "Soffer,R"]
[Black "Eliagov,K"]
[Result "1-0"]
[WhiteElo "2487"]
[BlackElo "2214"]

1.c4 e5 2.g3 Nf6 3.Bg2 Nc6 4.Nc3 d6 5.Nf3 Be7 6.d4 exd4 7.Nxd4 Nxd4 8.Qxd4 O-O
9.O-O a6 10.a4 Nd7 11.Nd5 Nc5 12.b4 Ne6 13.Qc3 Bf6 14.Nxf6+ Qxf6 15.Qxf6 gxf6
16.a5 Nd4 17.e3 Ne2+ 18.Kh1 Nxc1 19.Rfxc1 c6 20.Rd1 Rd8 21.Rd4 Be6 22.Rad1 f5
23.Bf1 Kf8 24.Rxd6 Bd5+ 25.R6xd5 cxd5 26.c5 Ke7 27.Rd4 Kf6 28.Bd3 Re8 29.Rh4 Rad8
30.Kg2 Re5 31.Kf3 h5 32.Rd4 Kg5 33.Ke2 Kf6 34.Kd2 Ree8 35.Kc3 Re5 36.Rh4 Kg6
37.h3 Ree8 38.Rf4 Re5 39.g4 hxg4 40.hxg4 Kg5 41.Bxf5  1-0

[Event "9th Hotel Opatija IM"]
[Site "Kastav CRO"]
[Date "2002.04.12"]
[Round "3"]
[White "Krkljes,S"]
[Black "Rogic,D"]
[Result "1/2-1/2"]
[WhiteElo "2098"]
[BlackElo "2478"]

1.c4 e5 2.g3 Nf6 3.Bg2 d5 4.cxd5 Nxd5 5.Nf3 Nc6 6.O-O Nb6 7.b3 Be7 8.Bb2 f6
9.d3 O-O 10.Nbd2 Be6 11.a3 a5 12.Rc1 Rf7 13.Rc2 Bf8 14.Qa1 Rd7 15.Rfc1 Rb8
16.Rxc6 bxc6 17.d4 e4 18.Nxe4 Bxb3 19.Nc5 Bxc5 20.dxc5 Nc4 21.Nd4 Nxb2 22.Nxc6 Rd1+
23.Rxd1 Qxd1+ 24.Qxd1 Bxd1 25.Nxb8 Bxe2 26.Nc6 a4 27.Ne7+ Kf7 28.Nd5 Nc4
29.Nc3 Bd3 30.Bd5+ Ke7 31.Bxc4 Bxc4 32.Nxa4 Kd7 33.f4 Kc6 34.Kf2 Bb3 35.Nb2 Kxc5
36.Ke3 Be6 37.Ke4 h5 38.f5 Bd7 39.Nd3+ Kd6 40.Nf4 Be8 41.Ne6 g5 42.Kd4 Bb5
43.h4 gxh4 44.gxh4 c6 45.Nc5 Be2 46.a4 Bg4 47.Ne4+ Ke7 48.a5 Kd8 49.Nxf6 Bxf5
50.Nxh5 Kc7 51.Kc5 Kb7 52.Nf6 Ka6 53.Kxc6 Bg6 54.Kd6 Kxa5 55.Ke7 Kb6 56.Kf8 Kc6
57.Kg7 Bc2 58.h5 Kd6 59.h6 Ke5 60.Nh5 Bd3 61.Nf6 Kf4 62.Nh7 Kg4 63.Nf8 Kh5
64.Ne6 Bb1  1/2-1/2

[Event "FSGMB April"]
[Site "Budapest HUN"]
[Date "2002.04.13"]
[Round "12"]
[White "Lukacs,P"]
[Black "Nyback,T"]
[Result "1/2-1/2"]
[WhiteElo "2460"]
[BlackElo "2420"]

1.c4 e5 2.g3 Nf6 3.Bg2 Bc5 4.e3 O-O 5.Nc3 c6 6.d4 exd4 7.exd4 Bb4 8.Ne2 d5
9.cxd5 Nxd5 10.O-O Nf6 11.h3 Be6 12.a3 Be7 13.Qc2 Nbd7 14.Nf4 Bc4 15.Rd1 Nb6
16.Ne4 Nfd5 17.Nc5 Nxf4 18.Bxf4 Qc8 19.Re1 Re8 20.h4 Bd5 21.f3 Nd7  1/2-1/2

[Event "9th Hotel Opatija IM"]
[Site "Kastav CRO"]
[Date "2002.04.14"]
[Round "5"]
[White "Krkljes,S"]
[Black "Dumpor,A"]
[Result "0-1"]
[WhiteElo "2098"]
[BlackElo "2328"]

1.c4 e5 2.g3 Nf6 3.Bg2 Bc5 4.Nc3 O-O 5.e3 Nc6 6.Nge2 Re8 7.d3 d6 8.O-O Bf5
9.h3 h6 10.a3 a5 11.b3 Qd7 12.Kh2 Bg6 13.d4 exd4 14.Nxd4 Ne4 15.Bb2 Nxc3
16.Bxc3 Bxd4 17.exd4 Be4 18.d5 Bxg2 19.Kxg2 Ne5 20.Qd4 c6 21.dxc6 Qxc6+ 22.f3 a4
23.Kg1 f6 24.Qd5+ Qxd5 25.cxd5 axb3 26.Rab1 Rxa3 27.Bb4 Ra2 28.Bxd6 Nc4 29.Bb4 Ree2
30.Rfe1 Rxe1+ 31.Rxe1 b2  0-1

[Event "Golden Cleopatra"]
[Site "Cairo EGY"]
[Date "2002.04.17"]
[Round "11"]
[White "El Ghazali,Y"]
[Black "Hamam,R"]
[Result "0-1"]
[WhiteElo "2362"]
[BlackElo "2263"]

1.c4 e5 2.g3 Nf6 3.Bg2 c6 4.d4 exd4 5.Qxd4 Be7 6.e4 d6 7.Nc3 Be6 8.Nge2 c5
9.Qd3 Nc6 10.b3 Ne5 11.Qc2 Bg4 12.Ng1 Nc6 13.h3 Nd4 14.Qd3 Be6 15.Be3 Qa5
16.Rc1 Rc8 17.Bd2 Nd7 18.f4 Nb8 19.Nge2 Nbc6 20.Nxd4 cxd4 21.Nd5 Qd8 22.O-O O-O
23.b4 Bf6 24.b5 Bxd5 25.cxd5 Nb8 26.Rxc8 Qxc8 27.Rc1 Qd8 28.Bb4 a5 29.Ba3 Re8
30.h4 Qb6 31.Bh3 g6 32.Kh2 h5 33.Bb2 Na6 34.bxa6 Qxb2+ 35.Rc2 Qb6 36.axb7 Qxb7
37.Rc6 Qe7 38.Bg2 Rb8 39.e5 dxe5 40.d6 Qd7 41.Qe4 exf4 42.Qxf4 Kg7 43.Rc7 Qf5
44.Qxf5 gxf5 45.Bd5 d3 46.Bxf7 d2 47.Bxh5+ Kh6 48.Bf3 Rb1 49.Rc5 d1=Q 50.Bxd1 Rxd1
51.Rxa5 Kg6 52.Ra6 Rd3 53.Kg2 Kf7 54.Ra5 Ke6 55.Ra4 Be5 56.h5 Rxg3+ 57.Kf2 Rh3
58.Ra7 Bxd6 59.a4 Rxh5 60.Ra8 Rh3 61.a5 Ra3 62.a6 Kd5 63.Kg2 Ke4 64.a7 Ra2+
65.Kf1 Kf3 66.Ke1 Bc5 67.Rc8 Ra1+ 68.Kd2 Be3+  0-1

[Event "Classics IMA"]
[Site "Gausdal NOR"]
[Date "2002.04.17"]
[Round "8"]
[White "Trygstad,K"]
[Black "Harestad,H"]
[Result "1-0"]
[WhiteElo "2313"]
[BlackElo "2186"]

1.c4 e5 2.g3 Nf6 3.Bg2 Nc6 4.Nc3 Bc5 5.a3 d6 6.e3 O-O 7.Nge2 Re8 8.h3 a6
9.O-O Ba7 10.f4 exf4 11.Nxf4 Ne5 12.b3 Rb8 13.Nh5 Re6 14.d4 Nxh5 15.Qxh5 Ng6
16.Ne4 f6 17.Bb2 Re7 18.Nxf6+ gxf6 19.Rxf6 c6 20.Raf1 Rg7 21.d5 Bxe3+ 22.Kh2 c5
23.Be4 Bd4 24.Bxd4 cxd4 25.Bxg6 hxg6 26.Rxg6 Qe7 27.Rh6  1-0

[Event "Open"]
[Site "Dubai UAE"]
[Date "2002.04.25"]
[Round "9"]
[White "Kotsur,P"]
[Black "Sherbakov,R"]
[Result "0-1"]
[WhiteElo "2578"]
[BlackElo "2549"]

1.c4 e5 2.g3 Nc6 3.Bg2 g6 4.Nc3 Bg7 5.e3 d6 6.Nge2 h5 7.h4 Bg4 8.d3 Nge7
9.a3 Qd7 10.Qc2 a6 11.b4 O-O 12.Bb2 Rae8 13.Kf1 f5 14.f4 Kh7 15.Re1 b5 16.Nc1 Nd8
17.Nb3 c6 18.Kf2 Ne6 19.Qd2 Qa7 20.Kf1 Rd8 21.Qf2 Rfe8 22.Kg1 Qc7 23.Rc1 Qb8
24.Kh2 Qa7 25.Rhf1 bxc4 26.dxc4 e4 27.Na4 Bxb2 28.Nxb2 d5 29.c5 Ng8 30.Rfe1 Nf6
31.Qd2 Bf3 32.Bh3 Bg4 33.Bf1 Bf3 34.Nd4 Nxd4 35.Qxd4 Ng4+ 36.Kg1 Qf7 37.Na4 g5
38.fxg5 Qc7  0-1

[Event "TSGM April"]
[Site "Belgrade YUG"]
[Date "2002.04.26"]
[Round "7"]
[White "Karttunen,M"]
[Black "Payen,A"]
[Result "1/2-1/2"]
[WhiteElo "2429"]
[BlackElo "2356"]

1.c4 e5 2.g3 Nf6 3.Bg2 d5 4.cxd5 Nxd5 5.Nf3 Nc6 6.O-O Nde7 7.d3 g6 8.Nc3 Bg7
9.Bd2 h6 10.Qc1 b6 11.b4 Rb8 12.b5 Nd4 13.Nxd4 exd4 14.Nd5 Nxd5 15.Qc6+ Bd7
16.Qxd5 O-O 17.Rfc1 Re8 18.Bf4 Rc8 19.h4 Rxe2 20.Be4 Qe8 21.a4 a6 22.bxa6 c6
23.Qb3 Rxe4 24.dxe4 c5 25.f3 g5 26.hxg5 hxg5 27.Bxg5 Be6 28.Qxb6 c4 29.Qa5 d3
30.Bd2 Qd7 31.Qg5 Rc5 32.Qxc5 Bd4+ 33.Qxd4 Qxd4+ 34.Kg2 Qb6 35.Rab1 Qxa6
36.Rb8+ Kg7 37.Bc3+ f6 38.a5 Qd6 39.Rb7+ Kg6 40.f4 Qc6 41.Rb2 Qxe4+ 42.Kh2 Bd5
43.Rf1 f5 44.a6 Qe7 45.Rb6+ Kh5 46.Re1 Qh7 47.Kh3 Qg8 48.Re7 d2 49.Bxd2 Qg4+
50.Kh2 Qd1 51.g4+ Kxg4 52.Rg7+ Kf3 53.Rb2 Ke4 54.Rg3 Qh5+ 55.Kg1 Kd4 56.Be3+ Kc3
57.Bc1+ Kd4 58.Be3+ Kc3 59.Bc1+  1/2-1/2

[Event "ch-PHI"]
[Site "Makati PHI"]
[Date "2002.04.30"]
[Round "7"]
[White "Nadera,B"]
[Black "Torre,E"]
[Result "0-1"]
[WhiteElo "2404"]
[BlackElo "2527"]

1.c4 e5 2.g3 Nf6 3.Bg2 d5 4.cxd5 Nxd5 5.Nc3 Nb6 6.Nf3 Nc6 7.O-O Be7 8.b3 O-O
9.Bb2 Bg4 10.h3 Bh5 11.d3 Kh8 12.Rc1 f5 13.Kh2 Bf6 14.Nd2 Rb8 15.Nc4 Nd4
16.Qe1 c6 17.Ba3 Re8 18.Kh1 Nd5 19.Nxd5 cxd5 20.Nd6 Be7 21.e3 Nc6 22.Nb5 Qb6
23.Bxe7 Qxb5 24.Rc5 Qa6 25.Bd6 Rbd8 26.Bc7 Rc8 27.b4 Rxc7 28.b5 Qb6 29.Qc3 Nd4
30.Rxc7 Nxb5 31.Rb1 Qxc7 32.Qxc7 Nxc7 33.Rxb7 Rc8 34.Rxa7 Be2 35.Ra3 Nb5
36.Rb3 Nc3 37.d4 e4 38.a3 h5 39.Kh2 Nd1 40.a4 Bc4 41.Ra3 Nxf2 42.Kg1 Nd3
43.Bf1 Ba6 44.Ra1 Rc2 45.a5 h4 46.gxh4 Kh7 47.Rb1 Ra2 48.h5 Bc4 49.h4 Kh6
50.Rb8 Kxh5 51.Rh8+ Kg4 52.Rg8 Ra1 53.Rxg7+ Kxh4 54.a6 Nb4 55.a7 Rxf1+ 56.Kg2  0-1